Catálogo
 En Linea

La ley no. 32-86 sobre derecho de autor y su inserción en el sistema legal de América Latina / (Registro nro. 29943)

Detalles MARC
000 -CABECERA
campo de control de longitud fija 00738nam a2200169 a 4500
001 - NÚMERO DE CONTROL
campo de control 000030451
005 - FECHA Y HORA DE LA ÚLTIMA TRANSACCIÓN
campo de control 20200930062323.0
008 - DATOS DE LONGITUD FIJA--INFORMACIÓN GENERAL
campo de control de longitud fija 110517s1988 dr 000 | spa d
040 ## - FUENTE DE LA CATALOGACIÓN
Centro catalogador/agencia de origen DO-SdBNP
Lengua de catalogación spa
Centro/agencia transcriptor BNPHU
082 ## - NÚMERO DE LA CLASIFICACIÓN DECIMAL DEWEY
Número de clasificación xxx
Número de documento/Ítem E53L
049 ## - FONDOS LOCALES (OCLC)
Fondos de biblioteca BNPD
100 1# - ENTRADA PRINCIPAL--NOMBRE DE PERSONA
Nombre de persona Emery, Miguel Ángel
9 (RLIN) 35950
245 13 - MENCIÓN DE TÍTULO
Título La ley no. 32-86 sobre derecho de autor y su inserción en el sistema legal de América Latina /
Mención de responsabilidad, etc. Miguel Ángel Emery.
260 ## - PUBLICACIÓN, DISTRIBUCIÓN, ETC.
Lugar de publicación, distribución, etc. Santo Domingo :
Nombre del editor, distribuidor, etc. Feria Nacional del Libro Manuel Arturo Peña Batlle,
Fecha de publicación, distribución, etc. 1988.
300 ## - DESCRIPCIÓN FÍSICA
Extensión 17 p. ;
Dimensiones 21 cm.
500 ## - NOTA GENERAL
Nota general Conferencia dictada en la Universidad Nacional Pedro Henriquez Ureña en fecha 19 de septiembre de 1986 bajo los auspicios de la firma Kaplan-Ruffin-Vecchi y Heredia Bonetti.
Existencias
Estado de retiro Estado de pérdida Restricciones de uso No para préstamo Código de colección Localización permanente Ubicación/localización actual Ubicación en estantería Fecha de adquisición Número de inventario Total de préstamos Signatura topográfica completa Código de barras Fecha visto por última vez Número de copia Precio válido a partir de Tipo de ítem Koha
        Dominicana de Servicio General General Depósito 17.05.2011 LF1   xxx E53L 30451-30 25.06.2020 e. 3 25.06.2020 Libro y Folleto Colección Dominicana de Servicio
        Dominicana de Servicio General General Depósito 07.07.2011 LF1   xxx E53L 30451-40 25.06.2020 e. 4 25.06.2020 Libro y Folleto Colección Dominicana de Servicio
        Dominicana de Servicio General General Depósito 07.07.2011 LF1   xxx E53L 30451-50 25.06.2020 e. 5 25.06.2020 Libro y Folleto Colección Dominicana de Servicio
      Excluido de préstamo Patrimonio Dominicano Patrimonio Dominicano Patrimonio Dominicano Depósito 17.05.2011 LF1   xxx E53L 30451-10 25.06.2020   25.06.2020 Libro y Folleto Colección Patrimonio Dominicano
      Excluido de préstamo Patrimonio Dominicano Patrimonio Dominicano Patrimonio Dominicano Depósito 17.05.2011 LF1   xxx E53L 30451-20 25.06.2020 e. 2 25.06.2020 Libro y Folleto Colección Patrimonio Dominicano

Con tecnología Koha